000 00438nam a2200157 4500
001 136562
003 ES-MaACL
005 20230906195151.0
007 t|
008 070214s1919 ie r ||||1| eng d
100 1 _aRyan, W. P.
_9101100
245 1 4 _aThe irish labour movement from the twenties to our own day /
_cW. P. Ryan.
260 _aDublin :
_bTalbot Press,
_c1919.
300 _a266 p. ;
_c19 cm.
852 _aES-MaACL
_jF-10113
999 _c136562
_d136562